| 000 | 00883cam a2200277I 4500 | ||
|---|---|---|---|
| 999 |
_c4893 _d4893 |
||
| 001 | 28816 | ||
| 003 | GBCCL | ||
| 005 | 20241126110529.0 | ||
| 008 | 790524s1978 xx 000 0 eng d | ||
| 010 | _a 64016634 | ||
| 020 | _a0825428041 | ||
| 035 | _a(OCoLC)05000972 | ||
| 040 |
_aIOO _cIOO |
||
| 049 | _aLBBK | ||
| 082 |
_a232.911 _bHOR |
||
| 092 |
_a232.911 _bH815 |
||
| 100 | 1 |
_aHorne, Herman Harrell, _d1874-1946. _98914 |
|
| 245 | 1 | 0 |
_aTeaching techniques of Jesus / _cHerman Harrell Horne. Foreword by Milford F. Henkel. |
| 260 |
_aGrand Rapids, Mich. : _bKregel Publications, _c1978, c1920. |
||
| 300 |
_axii, 212 p. ; _c18 cm. |
||
| 500 | _aPublished prior to 1971 under the title : Jesus: the master teacher. | ||
| 504 | _aBibliography: p.211-212. | ||
| 600 | 0 | 0 |
_aJesus Christ _xTeaching methods. _98915 |
| 740 | 0 | _aJesus, the master teacher. | |
| 942 |
_2ddc _cBK _05 |
||